000
00328nam a22001457a 4500
003
SGT
020
_a
9798126002972
082
_a
923.154
_b
J10G
100
_a
GOPAL, SARVAPALLI
245
_a
JAWAHARLAL NEHRU
260
_a
INDIA
_b
SAHITYA AKADEMI
_c
2010
300
_a
470
650
_a
PRIME MINISTER OF INDIA
942
_2
ddc
_c
BK
999
_c
25859
_d
25859